000 00646nam a2200229Ia 4500
008 101110s9999 xx 000 0 und d
041 _aENGLISH
082 _bSR27392
100 _aBangui P.S., Phatak V.V., Patil C.G. and others
245 _aA new course in physics paper-II SYBSc
260 _c2005
_bSheth Pub., Mumbai
300 _a196
365 _b80
520 _aPhysics
520 _aWith one CD sent to computer Dept. dt.12/8/05
546 _aENGLISH
630 _aA new course in physics paper-II SYBSc
650 _aPhysics
655 _aPhysics
730 _aA new course in physics paper-II SYBSc
942 _cBOOK
999 _c819948
_d819945